[Event "ISR-ch op"]
[Site "Acre"]
[Date "2024.01.29"]
[Round "9"]
[White "Milikow, Yoav"]
[Black "Pelech, Roee"]
[Result "1-0"]
[WhiteElo "2376"]
[BlackElo "2178"]
[PlyCount "65"]
[EventDate "2024.01.21"]
[EventType "swiss"]
[EventRounds "9"]
[EventCountry "ISR"]
[SourceTitle "CB05_2024"]
[SourceDate "2024.01.31"]
[SourceVersion "1"]
[SourceVersionDate "2024.01.31"]
[SourceQuality "1"]

1. e4 c5 2. c3 d5 3. exd5 Qxd5 4. d4 Nf6 5. Nf3 e6 6. Be3 cxd4 7. cxd4 Bb4+ 8. Nc3 0-0 9. Bd3 Nc6 10. 0-0 Bxc3 11. bxc3 h6 12. Rb1 a6 13. c4 Qd6 14. Qd2 Rd8 15. Rfd1 Qe7 16. h3 Nd7 17. Be4 a5 18. Rb5 a4 19. Re1 Qf6 20. Rh5 Nf8 21. g4 g5 22. h4 Qg7 23. hxg5 e5 24. Bxc6 Bxg4 25. gxh6 Qf6 26. Rg5+ Ng6 27. Nxe5 Bf5 28. Bd5 Kh7 29. Nxg6 fxg6 30. Bf4 Rd7 31. Be5 Qb6 32. c5 Qa6 33. Bd6 1-0

[Event "ISR-ch op"]
[Site "Acre"]
[Date "2024.01.21"]
[Round "1"]
[White "Krupnik, Benaya"]
[Black "Milikow, Yoav"]
[Result "0-1"]
[WhiteElo "1446"]
[BlackElo "2376"]
[PlyCount "76"]
[EventDate "2024.01.21"]
[EventType "swiss"]
[EventRounds "9"]
[EventCountry "ISR"]
[SourceTitle "CB05_2024"]
[SourceDate "2024.01.31"]
[SourceVersion "1"]
[SourceVersionDate "2024.01.31"]
[SourceQuality "1"]

1. e4 e5 2. Nf3 Nc6 3. Bb5 Nf6 4. 0-0 Nxe4 5. d4 Nd6 6. Bxc6 dxc6 7. dxe5 Nf5 8. Qxd8+ Kxd8 9. Bg5+ Ke8 10. Nc3 Bb4 11. Ne4 h6 12. Bd2 Be7 13. Bc3 Be6 14. Rfe1 b6 15. Rad1 Rd8 16. h3 Rd5 17. Nd4 Nxd4 18. Bxd4 Kd8 19. Nc3 Rd7 20. Be3 Bf5 21. Re2 Rxd1+ 22. Nxd1 Kc8 23. Nc3 h5 24. f4 Rd8 25. Kf2 a5 26. Kf3 h4 27. Ne4 Rd1 28. Ng5 Ra1 29. a3 f6 30. Ne4 Bg6 31. Bd4 Bh5+ 32. Ke3 f5 33. Ng5 Bxg5 34. fxg5 Bxe2 35. Kxe2 Kd7 36. e6+ Kxe6 37. Bxg7 Rc1 38. c3 Rc2+ 0-1

[Event "Titled Tuesday intern op 04th Jul Late"]
[Site "Chess.com INT"]
[Date "2023.07.04"]
[Round "2"]
[White "Arencibia Monduy, Antonio"]
[Black "Milikow, Yoav"]
[Result "1-0"]
[WhiteElo "2122"]
[BlackElo "2389"]
[PlyCount "111"]
[EventDate "2023.07.04"]
[EventType "swiss (blitz)"]
[EventRounds "11"]
[EventCountry "USA"]
[SourceTitle "EXT 2024"]
[Source "ChessBase"]
[SourceDate "2023.10.10"]
[SourceVersion "1"]
[SourceVersionDate "2023.10.10"]
[SourceQuality "1"]

1. e4 e6 2. d4 d5 3. e5 c5 4. c3 Qb6 5. Nf3 Nc6 6. Bd3 cxd4 7. 0-0 Bd7 8. a3 Nge7 9. b4 dxc3 10. Nxc3 Ng6 11. Re1 Be7 12. Bb2 Nf4 13. Na4 Qd8 14. Bc2 g5 15. Rc1 g4 16. Nd4 h5 17. Nc5 Bxc5 18. bxc5 a6 19. Rb1 Rb8 20. Bc1 Ng6 21. Nxc6 Bxc6 22. Qd4 0-0 23. Bh6 Re8 24. h3 Qh4 25. g3 Qxh3 26. Bd3 Bb5 27. Rxb5 axb5 28. Bf1 Nh4 29. gxh4 Qf3 30. Re3 Qf5 31. Bd3 Kh7 32. Bxf5+ exf5 33. Bf4 Kg6 34. Qxd5 Rbd8 35. Qxb7 Re6 36. Qxb5 Rd4 37. Bg5 f4 38. Qb2 Rc4 39. Qb1+ Kg7 40. Rb3 Rxe5 41. Rb6 Ree4 42. Bh6+ Kh7 43. Rc6 Kg8 44. Kg2 Rcd4 45. Rc8+ Kh7 46. Bg5 Kg7 47. Qb8 f3+ 48. Kg3 Rd1 49. Rg8+ Kh7 50. Rh8+ Kg6 51. Qg8+ Kf5 52. Qxf7+ Ke5 53. Re8+ Kd4 54. Qd7+ Kc3 55. Bf6+ Kc2 56. Qxd1+ 1-0

[Event "Titled Tuesday intern op 04th Jul Early"]
[Site "Chess.com INT"]
[Date "2023.07.04"]
[Round "2"]
[White "Gavrilov, Maxim"]
[Black "Milikow, Yoav"]
[Result "1-0"]
[WhiteElo "2208"]
[BlackElo "2389"]
[PlyCount "83"]
[EventDate "2023.07.04"]
[EventType "swiss (blitz)"]
[EventRounds "11"]
[EventCountry "USA"]
[SourceTitle "EXT 2024"]
[Source "ChessBase"]
[SourceDate "2023.10.10"]
[SourceVersion "1"]
[SourceVersionDate "2023.10.10"]
[SourceQuality "1"]

1. d4 d5 2. c4 e6 3. Nc3 Nf6 4. cxd5 exd5 5. Bg5 Bb4 6. Nf3 0-0 7. e3 Bf5 8. Qb3 Bxc3+ 9. bxc3 Nbd7 10. Qxb7 Rb8 11. Qa6 Rb2 12. Bb5 c6 13. Qxc6 Qb8 14. a4 Ne4 15. 0-0 Nb6 16. Bf4 Qd8 17. Bc7 Qe7 18. Bxb6 axb6 19. Qxb6 Nxc3 20. Qc5 Qxc5 21. dxc5 Nxb5 22. axb5 Bd3 23. Rfd1 Bxb5 24. Rxd5 Bc6 25. Rd6 Rfb8 26. h3 Be4 27. Rc1 Kf8 28. c6 Rb1 29. Rdd1 Rxc1 30. Rxc1 Ke7 31. Nd4 Rc8 32. f3 Bd5 33. e4 Ba2 34. Kf2 Kd6 35. Ke3 g6 36. c7 Kd7 37. Nb5 Bb3 38. Kd4 f6 39. Kc5 Ba4 40. Kb6 Re8 41. Na7 Re6+ 42. Kb7 1-0

[Event "Titled Tuesday intern op 04th Jul Early"]
[Site "Chess.com INT"]
[Date "2023.07.04"]
[Round "1"]
[White "Milikow, Yoav"]
[Black "Batsiashvili, Nino"]
[Result "1-0"]
[WhiteElo "2389"]
[BlackElo "2474"]
[PlyCount "69"]
[EventDate "2023.07.04"]
[EventType "swiss (blitz)"]
[EventRounds "11"]
[EventCountry "USA"]
[SourceTitle "EXT 2024"]
[Source "ChessBase"]
[SourceDate "2023.10.10"]
[SourceVersion "1"]
[SourceVersionDate "2023.10.10"]
[SourceQuality "1"]

1. d4 d5 2. c4 e6 3. Nc3 Bb4 4. cxd5 exd5 5. Bf4 c5 6. dxc5 Nc6 7. e3 Qa5 8. Bd3 Bxc3+ 9. bxc3 Qxc3+ 10. Kf1 Qxc5 11. Rc1 Qa5 12. Qb3 Nge7 13. Nf3 0-0 14. Bd6 Rd8 15. Bc5 Bf5 16. Bxf5 Nxf5 17. g4 Nh6 18. Qxb7 Rac8 19. h3 Rc7 20. Qb2 Rb8 21. Qa3 Qb5+ 22. Kg2 Na5 23. Bd6 Rxc1 24. Rxc1 Re8 25. Nd4 Qb6 26. Bc7 Nc4 27. Rxc4 Qg6 28. Qa4 Qe4+ 29. f3 Qxe3 30. Rc2 f5 31. Re2 Qxe2+ 32. Nxe2 Rxe2+ 33. Kf1 Re7 34. Bd6 Re8 35. Qxe8# 1-0

[Event "Titled Tuesday intern op 30th May Late"]
[Site "Chess.com INT"]
[Date "2023.05.30"]
[Round "5"]
[White "Milikow, Yoav"]
[Black "Martinez Martin, David"]
[Result "0-1"]
[WhiteElo "2394"]
[BlackElo "2385"]
[PlyCount "112"]
[EventDate "2023.05.30"]
[EventType "swiss (blitz)"]
[EventRounds "11"]
[EventCountry "USA"]
[SourceTitle "CBM 214 Extra"]
[Source "ChessBase"]
[SourceDate "2023.07.31"]
[SourceVersion "1"]
[SourceVersionDate "2023.07.31"]
[SourceQuality "1"]

1. d4 Nf6 2. c4 g6 3. Nc3 Bg7 4. e4 d6 5. Be2 0-0 6. Be3 Nbd7 7. Nf3 Ng4 8. Bg5 c5 9. Nd5 f6 10. Bd2 e6 11. Nf4 Nb6 12. h3 Nh6 13. dxc5 dxc5 14. Qc2 Nf7 15. 0-0 Qe7 16. Be3 Bd7 17. Rfd1 Bc6 18. Nd2 Rad8 19. Nb3 Ba4 20. Rxd8 Rxd8 21. Rd1 Rxd1+ 22. Bxd1 Nd7 23. Qd2 b6 24. Nxc5 Nxc5 25. Bxc5 Qxc5 26. Bxa4 Bh6 27. Qe3 Qxe3 28. fxe3 Bxf4 29. exf4 Nd6 30. e5 fxe5 31. fxe5 Nxc4 32. Bb3 Nxe5 33. Bxe6+ Kg7 34. Kf1 Nd3 35. b3 Kf6 36. Bc4 Nb4 37. a3 Nc2 38. a4 Ne3+ 39. Ke2 Nxc4 40. bxc4 Ke5 41. Ke3 g5 42. g3 h5 43. Kd3 h4 44. gxh4 gxh4 45. Ke3 a5 46. Kf3 Kf5 47. Ke3 Ke5 48. Kf3 Kd4 49. Kg4 Kxc4 50. Kxh4 b5 51. axb5 Kxb5 52. Kg4 a4 53. h4 a3 54. h5 a2 55. h6 a1Q 56. h7 Qh8 0-1

[Event "Titled Tuesday intern op 23rd May Late"]
[Site "Chess.com INT"]
[Date "2023.05.23"]
[Round "3"]
[White "Milikow, Yoav"]
[Black "Kisic, Bozidar"]
[Result "1-0"]
[WhiteElo "2394"]
[BlackElo "2216"]
[PlyCount "41"]
[EventDate "2023.05.23"]
[EventType "swiss (blitz)"]
[EventRounds "11"]
[EventCountry "USA"]
[SourceTitle "EXT 2024"]
[Source "ChessBase"]
[SourceDate "2023.10.10"]
[SourceVersion "1"]
[SourceVersionDate "2023.10.10"]
[SourceQuality "1"]

1. d4 d5 2. c4 e6 3. Nc3 c5 4. cxd5 cxd4 5. Qa4+ Bd7 6. Qxd4 exd5 7. Qxd5 Nf6 8. Qd1 Nc6 9. Nf3 Bc5 10. e3 Qe7 11. Be2 0-0-0 12. 0-0 g5 13. Qc2 h5 14. Nxg5 h4 15. Nce4 Bb6 16. Bf3 Rhg8 17. Nxf7 Nxe4 18. Nxd8 Nc5 19. Nxc6 bxc6 20. Qc4 Bh3 21. Qxg8+ 1-0

[Event "Titled Tuesday intern op 16th May Late"]
[Site "Chess.com INT"]
[Date "2023.05.16"]
[Round "1"]
[White "Papayan, Oleg"]
[Black "Milikow, Yoav"]
[Result "1/2-1/2"]
[WhiteElo "2253"]
[BlackElo "2394"]
[PlyCount "43"]
[EventDate "2023.05.16"]
[EventType "swiss (blitz)"]
[EventRounds "11"]
[EventCountry "USA"]
[SourceTitle "CBM 214 Extra"]
[Source "ChessBase"]
[SourceDate "2023.07.31"]
[SourceVersion "1"]
[SourceVersionDate "2023.07.31"]
[SourceQuality "1"]

1. e4 e5 2. Nf3 Nc6 3. Bb5 Nf6 4. 0-0 Nxe4 5. Re1 Nd6 6. Nxe5 Be7 7. Bf1 Nxe5 8. Rxe5 0-0 9. d4 Bf6 10. Bd3 Bxe5 11. dxe5 Ne8 12. Nc3 d6 13. Qh5 g6 14. Qh6 Be6 15. Bg5 f6 16. exf6 Qd7 17. Bxg6 hxg6 18. Qxg6+ Kh8 19. Qh6+ Kg8 20. Qg6+ Kh8 21. Qh6+ Kg8 22. Qg6+ 1/2-1/2

[Event "Titled Tuesday intern op 25th Apr Early"]
[Site "Chess.com INT"]
[Date "2023.04.25"]
[Round "2"]
[White "Milikow, Yoav"]
[Black "Leenhouts, Koen"]
[Result "1-0"]
[WhiteElo "2394"]
[BlackElo "2442"]
[PlyCount "97"]
[EventDate "2023.04.25"]
[EventType "swiss (blitz)"]
[EventRounds "11"]
[EventCountry "USA"]
[SourceTitle "EXT 2024"]
[Source "ChessBase"]
[SourceDate "2023.10.10"]
[SourceVersion "1"]
[SourceVersionDate "2023.10.10"]
[SourceQuality "1"]

1. d4 d5 2. c4 e6 3. Nc3 Nf6 4. Nf3 Be7 5. cxd5 exd5 6. Bf4 0-0 7. e3 c6 8. Bd3 a5 9. 0-0 Bg4 10. h3 Bh5 11. g4 Bg6 12. Bxg6 hxg6 13. Qd3 Re8 14. Kg2 Nbd7 15. a3 b5 16. Rac1 Nb6 17. Ne5 Rc8 18. Nb1 Nc4 19. b3 Nxe5 20. Bxe5 Ne4 21. Rc2 Bd6 22. Bxd6 Qxd6 23. Rfc1 g5 24. Qd1 Re6 25. Qe1 Rh6 26. f3 Nf6 27. Qg3 Qe6 28. Qe5 Qxe5 29. dxe5 Nd7 30. Nc3 Nxe5 31. Nxd5 Re8 32. Nc7 Re7 33. Na6 Nd3 34. Rd1 Rxe3 35. Kg3 Nf4 36. Rh1 Rxb3 37. Nb8 Rxa3 38. Nxc6 b4 39. Ne7+ Kh7 40. Nf5 Re6 41. h4 Ne2+ 42. Kf2 Nc3 43. hxg5+ Kg6 44. Rh5 f6 45. Nh4+ Kf7 46. g6+ Ke7 47. Rd2 Ra2 48. Nf5+ Ke8 49. Rh8# 1-0

[Event "Titled Tuesday intern op 25th Apr Early"]
[Site "Chess.com INT"]
[Date "2023.04.25"]
[Round "5"]
[White "Milikow, Yoav"]
[Black "Nguyen, Ngoc Truong Son"]
[Result "0-1"]
[WhiteElo "2394"]
[BlackElo "2645"]
[PlyCount "100"]
[EventDate "2023.04.25"]
[EventType "swiss (blitz)"]
[EventRounds "11"]
[EventCountry "USA"]
[SourceTitle "EXT 2024"]
[Source "ChessBase"]
[SourceDate "2023.10.10"]
[SourceVersion "1"]
[SourceVersionDate "2023.10.10"]
[SourceQuality "1"]

1. d4 d5 2. c4 c6 3. Nf3 Nf6 4. g3 dxc4 5. Bg2 b5 6. 0-0 e6 7. b3 cxb3 8. Qxb3 Be7 9. Rd1 0-0 10. Ne5 Bb7 11. Nc3 Nd5 12. Ne4 Nd7 13. Nxd7 Qxd7 14. Nc5 Bxc5 15. dxc5 Qe7 16. e4 Nf6 17. Qc3 Rfd8 18. Bf4 Ne8 19. Rdc1 a5 20. a3 Rd7 21. h4 Qd8 22. Bg5 f6 23. Be3 e5 24. Bh3 Rd3 25. Qc2 Bc8 26. Rd1 Rxd1+ 27. Rxd1 Qe7 28. Qb3+ Kf8 29. Bf1 Be6 30. Qc3 Rd8 31. Re1 Qc7 32. f4 Kg8 33. f5 Bf7 34. Re2 Bc4 35. Rd2 Bxf1 36. Kxf1 Rxd2 37. Bxd2 a4 38. Qd3 Kf7 39. Qe2 g6 40. Bb4 Qd7 41. Qa2+ Kg7 42. Qc2 h5 43. Kf2 gxf5 44. exf5 Kh7 45. Ke3 Ng7 46. Qe2 Qd4+ 47. Kf3 Qg4+ 48. Kf2 Qxe2+ 49. Kxe2 Nxf5 50. Kf3 Kg6 0-1

[Event "Titled Tuesday intern op 25th Apr Early"]
[Site "Chess.com INT"]
[Date "2023.04.25"]
[Round "4"]
[White "Pranesh, M."]
[Black "Milikow, Yoav"]
[Result "1/2-1/2"]
[WhiteElo "2493"]
[BlackElo "2394"]
[PlyCount "241"]
[EventDate "2023.04.25"]
[EventType "swiss (blitz)"]
[EventRounds "11"]
[EventCountry "USA"]
[SourceTitle "EXT 2024"]
[Source "ChessBase"]
[SourceDate "2023.10.10"]
[SourceVersion "1"]
[SourceVersionDate "2023.10.10"]
[SourceQuality "1"]

1. e4 e5 2. Nf3 Nf6 3. Nc3 Nc6 4. Bb5 Nd4 5. Bc4 Bc5 6. Nxe5 Qe7 7. Nf3 d5 8. Nxd4 dxc4 9. Nf3 Nxe4 10. 0-0 Nxc3 11. dxc3 0-0 12. Re1 Qd6 13. Qxd6 Bxd6 14. Nd2 Be6 15. Ne4 Rfe8 16. Nxd6 cxd6 17. Bf4 Bf5 18. Bxd6 Bxc2 19. f3 f6 20. Kf2 Kf7 21. Rac1 Rxe1 22. Rxe1 Re8 23. Rxe8 Kxe8 24. Ke3 Kd7 25. Bf8 g6 26. Bg7 Ke7 27. h4 h5 28. Kd4 Bd3 29. Bh6 Kd6 30. Bf4+ Kc6 31. Bh6 Bf1 32. g3 Be2 33. f4 Kd6 34. Bf8+ Ke6 35. Bc5 b6 36. Bf8 Kf5 37. Be7 Ke6 38. Bd8 f5 39. Bc7 Kd7 40. Bb8 a6 41. Ke5 Kc6 42. Ke6 b5 43. Ba7 Bd1 44. Bd4 Be2 45. Bf6 Bd1 46. Bd8 Be2 47. b4 Bd1 48. Bf6 Be2 49. a3 Bd1 50. Bd4 Bg4 51. Ke5 Bd1 52. Kf6 Be2 53. Kxg6 Bg4 54. Kf6 Kd5 55. Ke7 Kc6 56. Ke6 Bh3 57. Ke7 Bg4 58. Kd8 Kb7 59. Kd7 Bh3 60. Kd6 Bg4 61. Be3 Bh3 62. Kc5 Bf1 63. Kd5 Be2 64. Bf2 Bf3+ 65. Kd4 Be2 66. Be3 Kc6 67. Ke5 Bg4 68. Bc1 Bh3 69. Ke6 Bg4 70. Be3 Bh3 71. Ke7 Bg4 72. Kd8 Kb7 73. Kd7 Bh3 74. Kd6 Bg4 75. Kd5 Be2 76. Bc5 Bd1 77. Ke5 Bg4 78. Kd6 Bf3 79. Bf2 Bg4 80. Kd5 Bf3+ 81. Kd4 Bd1 82. Be3 Kc6 83. Bc1 Bg4 84. a4 Bd1 85. a5 Bg4 86. Ke5 Kb7 87. Be3 Kc6 88. Bd4 Kb7 89. Kd6 Bh3 90. Ke7 Bg4 91. Kf6 Bh3 92. Kg5 Bg4 93. Kg6 Kc6 94. Kg5 Kb7 95. Kg6 Kc6 96. Kh6 Kb7 97. Kg5 Kc6 98. Be5 Kb7 99. Kf6 Ka7 100. Ke7 Kb7 101. Kd7 Bh3 102. Bf6 Bg4 103. Kd8 Bh3 104. Bg5 Bg4 105. Bh6 Bh3 106. Bf8 Bg4 107. Bc5 Bh3 108. Bd4 Bg4 109. Kd7 Bh3 110. Kd6 Bg4 111. Ke6 Bh3 112. Kf6 Bg4 113. Kg5 Kc6 114. Be5 Kb7 115. Kg6 Kc6 116. Kf6 Kb7 117. Ke6 Bh3 118. Kd6 Bg4 119. Bd4 Bh3 120. Kd7 Bg4 121. Kd6 1/2-1/2

[Event "Titled Tuesday intern op 18th Apr Early"]
[Site "Chess.com INT"]
[Date "2023.04.18"]
[Round "3"]
[White "Milikow, Yoav"]
[Black "Dushyant, Sharma"]
[Result "1-0"]
[WhiteElo "2394"]
[BlackElo "2355"]
[PlyCount "71"]
[EventDate "2023.04.18"]
[EventType "swiss (blitz)"]
[EventRounds "11"]
[EventCountry "USA"]
[SourceTitle "EXT 2024"]
[Source "ChessBase"]
[SourceDate "2023.10.10"]
[SourceVersion "1"]
[SourceVersionDate "2023.10.10"]
[SourceQuality "1"]

1. c4 e6 2. Nc3 d5 3. d4 c6 4. e4 dxe4 5. Nxe4 Bb4+ 6. Bd2 Qxd4 7. Bxb4 Qxe4+ 8. Be2 Na6 9. Bd6 Nf6 10. Nf3 Bd7 11. 0-0 0-0-0 12. Ne5 Be8 13. Bf3 Qf5 14. Re1 g5 15. g4 Qf4 16. c5 h5 17. gxh5 g4 18. Ng6 fxg6 19. Bxf4 Rxd1 20. Bxd1 gxh5 21. Rxe6 Nd5 22. Bd6 Bd7 23. Re5 h4 24. Be2 Nf4 25. Bf1 Nh3+ 26. Kg2 Nf4+ 27. Kh1 Be6 28. Rd1 Bd5+ 29. Kg1 Nh3+ 30. Bxh3 gxh3 31. Rg5 Re8 32. f4 Bg2 33. f5 Nb4 34. f6 Nd5 35. f7 Rd8 36. Rg8 1-0

[Event "Titled Tuesday intern op 18th Apr Early"]
[Site "Chess.com INT"]
[Date "2023.04.18"]
[Round "4"]
[White "Milikow, Yoav"]
[Black "Naroditsky, Daniel"]
[Result "0-1"]
[WhiteElo "2394"]
[BlackElo "2618"]
[PlyCount "78"]
[EventDate "2023.04.18"]
[EventType "swiss (blitz)"]
[EventRounds "11"]
[EventCountry "USA"]
[SourceTitle "EXT 2024"]
[Source "ChessBase"]
[SourceDate "2023.10.10"]
[SourceVersion "1"]
[SourceVersionDate "2023.10.10"]
[SourceQuality "1"]

1. d4 Nf6 2. c4 d6 3. Nf3 Bg4 4. Nc3 Nbd7 5. e3 e5 6. Be2 Be7 7. 0-0 0-0 8. b4 c6 9. a4 Re8 10. a5 a6 11. c5 e4 12. Nh4 Bxe2 13. Qxe2 d5 14. Nf5 Nf8 15. f3 exf3 16. gxf3 Ng6 17. Na4 Bf8 18. Nb6 Rb8 19. Qg2 Re6 20. Bd2 Nh5 21. Qg4 Ngf4 22. Nh4 f5 23. Qxf5 Qxh4 24. Be1 Qh3 25. Qxh3 Nxh3+ 26. Kg2 Ng5 27. Ra3 Rbe8 28. Bf2 Rg6 29. Bg1 Ne4+ 30. Kh1 Ng5 31. Kg2 Be7 32. Nd7 Nf7+ 33. Kh1 Rd8 34. Nb6 Rh6 35. Bf2 Ng5 36. Be1 Re8 37. Kg2 Rg6 38. Kh1 Re6 39. Bf2 Nxf3 0-1

[Event "Titled Tuesday intern op 11th Apr Late"]
[Site "Chess.com INT"]
[Date "2023.04.11"]
[Round "3"]
[White "Sreyas, Payyappat"]
[Black "Milikow, Yoav"]
[Result "0-1"]
[WhiteElo "2107"]
[BlackElo "2394"]
[PlyCount "90"]
[EventDate "2023.04.11"]
[EventType "swiss (blitz)"]
[EventRounds "11"]
[EventCountry "USA"]
[SourceTitle "CBM 213 Extra"]
[Source "ChessBase"]
[SourceDate "2023.05.31"]
[SourceVersion "1"]
[SourceVersionDate "2023.05.31"]
[SourceQuality "1"]

1. e4 e5 2. Nf3 Nc6 3. Bc4 Nf6 4. d4 exd4 5. e5 d5 6. Bb5 Ne4 7. Nxd4 Bc5 8. Be3 0-0 9. Bxc6 bxc6 10. Nxc6 Bxe3 11. Nxd8 Bxf2+ 12. Kf1 Ba6+ 13. Qd3 Bxd3+ 14. cxd3 Bd4 15. Nc3 Nxc3 16. bxc3 Bxe5 17. Nc6 Bxc3 18. Rc1 Bf6 19. Kf2 a5 20. Rc5 Ra6 21. Rhc1 d4 22. Rxa5 Rxa5 23. Nxa5 Ra8 24. Nb3 Rxa2+ 25. Kf3 Be5 26. Ke4 f6 27. Nxd4 Ra4 28. Rc4 Rxc4 29. dxc4 Bxd4 30. Kxd4 Kf7 31. Kd5 Ke7 32. Kc6 Kd8 33. g4 g6 34. h3 Kc8 35. h4 Kd8 36. h5 Kc8 37. hxg6 hxg6 38. c5 Kd8 39. Kd5 Kd7 40. c6+ Ke7 41. Kc5 Ke6 42. Kc4 Kd6 43. Kb5 Kd5 44. Kb4 Kxc6 45. Kc4 Kd6 0-1

[Event "EU-ch 23rd"]
[Site "Vrnjacka Banja"]
[Date "2023.03.12"]
[Round "10"]
[White "Milikow, Yoav"]
[Black "Martic, Ivan"]
[Result "0-1"]
[WhiteElo "2416"]
[BlackElo "2274"]
[PlyCount "92"]
[EventDate "2023.03.03"]
[EventType "swiss"]
[EventRounds "11"]
[EventCountry "SRB"]
[SourceTitle "CBM 213"]
[Source "ChessBase"]
[SourceDate "2023.04.30"]
[SourceVersion "1"]
[SourceVersionDate "2023.04.30"]
[SourceQuality "1"]

1. d4 Nf6 2. c4 g6 3. g3 Bg7 4. Bg2 0-0 5. Nc3 d6 6. Nf3 Nbd7 7. 0-0 e5 8. e4 exd4 9. Nxd4 a6 10. Rb1 Rb8 11. b3 Re8 12. a4 Nc5 13. f3 Bd7 14. Be3 h5 15. b4 Ne6 16. Nde2 Nf8 17. Qd3 N6h7 18. h4 Nf6 19. Rfd1 Ne6 20. c5 Bf8 21. cxd6 cxd6 22. a5 Rc8 23. Bb6 Qe7 24. f4 Bc6 25. Re1 Ng4 26. Rbd1 Nc7 27. Nd4 d5 28. Bc5 dxe4 29. Nxe4 Bxe4 30. Bxe4 Qd7 31. Qf1 Bxc5 32. bxc5 Rxe4 33. Rxe4 Qd5 34. Qg2 Rd8 35. Qc2 Nb5 36. Rd2 Na3 37. Qd3 Qxc5 38. f5 gxf5 39. Rf4 Nb5 40. Kg2 Rd5 41. Kh3 Qc1 42. Kg2 Qc5 43. Rc2 Rxd4 44. Rxd4 Qxc2+ 45. Qxc2 Ne3+ 46. Kf2 Nxc2 0-1

[Event "EU-ch 23rd"]
[Site "Vrnjacka Banja"]
[Date "2023.03.10"]
[Round "8"]
[White "Milikow, Yoav"]
[Black "Jocev, Milan"]
[Result "1/2-1/2"]
[WhiteElo "2416"]
[BlackElo "2315"]
[PlyCount "107"]
[EventDate "2023.03.03"]
[EventType "swiss"]
[EventRounds "11"]
[EventCountry "SRB"]
[SourceTitle "CBM 213"]
[Source "ChessBase"]
[SourceDate "2023.04.30"]
[SourceVersion "1"]
[SourceVersionDate "2023.04.30"]
[SourceQuality "1"]

1. d4 d5 2. c4 c6 3. Nf3 Nf6 4. g3 Bf5 5. Nc3 e6 6. Nh4 Be4 7. f3 Bg6 8. Qb3 Qb6 9. c5 Qxb3 10. axb3 Na6 11. Nxg6 hxg6 12. e3 Nc7 13. b4 a6 14. Kf2 Be7 15. Bd2 0-0-0 16. Kg2 Rde8 17. Bd3 Nd7 18. f4 f5 19. h4 Nf6 20. Rag1 Rh7 21. Be1 Reh8 22. Nd1 Ne4 23. Nf2 Kd7 24. Nh3 Ne8 25. Ng5 N8f6 26. Nxh7 Rxh7 27. Be2 Ng4 28. Bxg4 fxg4 29. Bc3 Rh8 30. Ra1 Nf6 31. Be1 Bd8 32. Bf2 Bc7 33. Rhc1 Ra8 34. Be1 Ne4 35. Ra2 Bd8 36. b5 cxb5 37. c6+ Kc7 38. b3 bxc6 39. Rac2 Kd7 40. Rxc6 a5 41. R6c2 b4 42. Ra1 Rb8 43. Kf1 Bb6 44. Ke2 Rh8 45. Kd3 Rb8 46. Ke2 Rh8 47. Kd1 Rb8 48. Ra4 Rh8 49. Raa2 Rb8 50. Kc1 Rh8 51. Kb2 Rb8 52. Ra1 Rh8 53. Ra4 Rb8 54. Rc1 1/2-1/2

[Event "Titled Tuesday intern op 7th Mar Late"]
[Site "Chess.com INT"]
[Date "2023.03.07"]
[Round "2"]
[White "Derige Kane, Yan"]
[Black "Milikow, Yoav"]
[Result "1-0"]
[WhiteElo "2204"]
[BlackElo "2416"]
[PlyCount "81"]
[EventDate "2023.03.07"]
[EventType "swiss (blitz)"]
[EventRounds "11"]
[EventCountry "USA"]
[SourceTitle "EXT 2024"]
[Source "ChessBase"]
[SourceDate "2023.10.10"]
[SourceVersion "1"]
[SourceVersionDate "2023.10.10"]
[SourceQuality "1"]

1. d4 Nf6 2. Bg5 d5 3. e3 e6 4. Nd2 c5 5. c3 Nc6 6. f4 Qb6 7. Rb1 cxd4 8. exd4 Be7 9. Ngf3 h6 10. Bxf6 Bxf6 11. Bd3 Bd7 12. 0-0 0-0-0 13. a4 a5 14. Kh1 Kb8 15. Ne5 Be8 16. Ndf3 Rc8 17. Qd2 Bd8 18. b4 axb4 19. Nxc6+ Qxc6 20. cxb4 Qc3 21. Qe2 Bf6 22. b5 Bxd4 23. Nxd4 Qxd4 24. a5 Rc3 25. Rfd1 Qxf4 26. b6 Ba4 27. Rf1 Qd4 28. Bb5 Bc2 29. Ra1 Bf5 30. a6 Qxb6 31. axb7 Kxb7 32. Ba6+ Kc7 33. Qe5+ Kd7 34. Qxc3 f6 35. Rfc1 Rb8 36. Qg3 g5 37. Bd3 Bxd3 38. Qxd3 Kd6 39. Rab1 Qd8 40. Qa3+ Ke5 41. Qg3+ 1-0